000
00294nam a22001337a 4500
008
171102b xxu||||| |||| 00| 0 eng d
020
_a
9780619217044
041
_a
eng
080
_a
530.14
100
_a
59
101
_a
bus
245
_a
ELECTRONIC COMMERCE
_c
SCHNEIDER, G
942
_2
udc
_c
BK
999
_c
37227
_d
37227